| 000 | 00474nam a2200169Ia 4500 | ||
|---|---|---|---|
| 999 |
_c36069 _d36069 |
||
| 003 | OSt | ||
| 005 | 20201130143428.0 | ||
| 008 | 190216s9999||||xx |||||||||||||| ||und|| | ||
| 040 | _coclc | ||
| 082 |
_a794 _bGRI/T |
||
| 100 |
_aGrishin, V _97050 |
||
| 245 | 4 |
_aThe Abc Of Chess / _cV Grishin ; E Ilyin |
|
| 260 |
_bRaduga Publishers, _c1986. _aMoscow: |
||
| 300 | _a85p | ||
| 650 | _aGeneral Collections | ||
| 942 |
_cREF _2ddc _h794 _iGRI/T _k794 _mGRI/T |
||